[Event "Klubbmesterskapet 2023 (A)"]
[Site "Ås, Viken NOR"]
[Date "2023.02.02"]
[Round "1"]
[White "Aamodt, Peder Marcus"]
[Black "Andersen, Odd"]
[Result "1-0"]
[WhiteElo "2011"]
[BlackElo "1731"]
[Annotator "Aamodt, Peder Marcus"]
[PlyCount "81"]
[EventDate "2023.02.02"]

1. d4 Nf6 2. c4 e6 3. Nf3 d5 4. g3 Bb4+ 5. Nbd2 {regnes som mer ambisiøst enn
hovedalternativet 5.Ld2} O-O 6. Bg2 Ne4 $6 {Virker som at dette trekket
inviterer hvit til å få akkurat det han ønsker. Svart burde heller fokusere på
å utvikle løperen på c8 til b7 (eller a6) og springeren på b8 til d7.} (6... b6
7. O-O Bb7 8. Ne5 Nbd7 {er hovedvarianten som følger her med spennende spill
for begge parter.}) 7. O-O c6 8. Nxe4 dxe4 9. Ne1 $5 (9. Ng5 {Var noe som også
er bra for hvit.} f5 10. c5 Ba5 11. Bf4 h6 12. Nh3 {med en bedre versjon av
Stonewall for hvit.}) 9... f5 10. Nc2 $6 {Upresist} (10. Be3 Nd7 11. c5 Nf6 12.
f3 Nd5 13. Qb3 Bxe1 14. Raxe1 exf3 15. Bxf3 {er litt bedre for hvit}) 10... Bd6
{Nå har svart gode sjanser for utligning} 11. Bd2 (11. f3 exf3 12. exf3 e5 13.
c5 Bc7 14. dxe5 Qxd1 15. Rxd1 Bxe5 16. Bf1 {Er bedre enn trekket som ble spilt
i partiet.}) 11... e5 12. d5 $5 (12. Bc3 {var en annen mulighet for hvit})
12... cxd5 (12... Qe7 {hadde vært bedre ved å holde spenningen i sentrum gående
}) 13. cxd5 (13. Bg5 $1 {Hadde vært en fin taktisk mulighet ble oversett i
partiet}) 13... Nd7 14. Ne3 Nb6 (14... b5 $1 {For å ta vekk c4-feltet for
springeren. Her hadde svart en liten fordel fordi det viser seg at bonden på
d5 er litt svak}) 15. Ba5 Bc5 16. Bxb6 $6 (16. Qb3 $5 {Hadde vært bedre enn
trekket i partiet, for etter} Bxe3 $6 17. fxe3 {viser det seg at dette er litt
bedre for hvit}) 16... Bxb6 $6 (16... axb6 $1 {var et godt trekk som ble
oversett og ser ut til å vinne en bonde for svart} 17. Rc1 (17. Nc4 $2 {ser ut
som et fint trekk som truer bonden, men den kan ikke bli tatt} b5 $1 18. Nxe5
$4 Qd6 {og springeren er fanget på midten av brettet}) 17... Rxa2 18. Nc4 {
svart står bedre, men det er litt komp for hvit}) 17. Nc4 Qf6 18. Qb3 Bc5 19.
Rac1 b6 20. Qc3 Bd4 21. Qd2 $5 {hvit ønsker å holde partiet i gang} (21. Qb3
Bc5 22. Qc3 Bd4 {Hadde endt med trekkgjentagelse og remis}) (21. Qc2 {var en
annen mulighet for å holde partiet gående}) 21... Ba6 22. e3 Bxc4 $6 {Det er
mulig at svart ikke burde forhaste seg med å gi løperen på denne måten. Den
kunne blitt brukt til andre nyttige formål} (22... Rac8 $1 {hadde vært bedre}
23. Qb4 Bc5 24. Qb3 {og det er en jevn, men komplisert stilling}) (22... Bc5 $5
23. b4 Bd6 {Hadde også vært bedre enn det som skjedde i partiet} 24. Nxd6 $1 {
Er trolig mulig her} Bxf1 25. Nxe4 fxe4 26. Rxf1 {Hvit står faktisk litt bedre
her. Bonden på e4 burde falle snart og da vil hvit ha 2 bønder for kvaliteten
samtidig som fribonden på d5 kan bli svært farlig}) 23. Rxc4 Bc5 24. b4 Bd6 25.
Rfc1 h6 26. Qc2 Rad8 {Hvit burde stå bedre, ettersom han har mer aktivitet i
c-linjen (den eneste åpne linjen i stillingen). Til tross for dette er det
ikke lett å se nøyaktig hvordan han skal gå videre} 27. Qa4 (27. a3 {Hadde
vært et av mange nyttige ventetrekk i forhold til det veldige direkte trekket
som ble spilt.}) 27... Rf7 28. Qb5 $5 (28. Rc8 {Hadde vært bedre enn det i
partiet fordi i denne stillingen funker ikke Tfd7 fordi dronningen bare kan
slå den.} Rfd7 $4 29. Qxd7 $1) 28... Kh7 29. Rc8 Rfd7 {Dette er litt
irriterende å møte som hvit.} 30. Rxd8 Qxd8 31. Bh3 {Dette tror jeg at er
vikitg trekk fordi vi får åpnet syvenderaden for kongen} g6 32. a3 {Hvit
ønsker å spille Da6 uten at det henger en bonde på b4} h5 (32... Bf8 {Tror jeg
at hadde vært bedre enn det svart spilte i partiet.} 33. Qa6 Bg7 34. a4 Rxd5
35. Qxa7 f4 {Dette hadde vært en fin praktisk løsning når begge snart er i
tidsnød}) 33. Qa6 Rc7 34. Rc6 $1 {Viktig for å holde spenningen og presset i
gang. Dette virker ukomfortabelt for svart} Rxc6 $2 (34... Kh6 {Et ventetrekk
som dette hadde vært bedre, men hvit står fortsatt best.}) 35. dxc6 {Nå er
svart i trøbbel. Han kommer til å slite med å få til noe motspill og
kombinasjonen av motsattfargedeløpere + dronninger er i favør av den som
angriper. Svart burde ha holdt tårnene på brettet for bedre dekning av
svakhetene i stillingen} Qc7 36. Qc4 Kg7 37. Bf1 {Løperen kommer til c4 og
dronningen kommer til d5, der de hvite feltene domineres uten motspill fra
svart} h4 {Svart prøver på motspill, men det blir ikke farlig nok.} 38. Qd5
hxg3 39. hxg3 Qe7 40. Bc4 g5 $2 {Svart fant ikke noe bedre. Problemet er at
svart mister enda flere forsvarsbrikker nå som bonden flytter vekk.} (40... Qd8
{Hadde vært et bedre forsøk, men det taper dette også.}) 41. Qg8+ {Her tapte
svart på tid, ettersom han trodde det var mer tid etter 40 trekk, noe det ikke
var. Det hadde ikke hatt noe å si ettersom kombinasjonen av fribonden på c6 og
den svake kongen burde avgjøre partiet veldig raskt.} 1-0

[Event "Klubbmesterskapet 2023 (A)"]
[Site "Ås, Viken NOR"]
[Date "2023.02.02"]
[Round "1"]
[White "Furnes, Torstein"]
[Black "Hrituleac, Paul"]
[Result "1-0"]
[WhiteElo "1715"]
[BlackElo "1299"]
[Annotator "Furnes, Torstein"]
[PlyCount "53"]
[EventDate "2023.02.02"]

1. d4 Nf6 2. c4 e6 3. Nc3 c5 4. dxc5 Bxc5 5. e3 b6 6. Nf3 Bb7 7. Be2 Qc7 8. a3
d5 9. cxd5 Nxd5 10. Nb5 Qd7 11. O-O $6 (11. b4 {er sterkere. F.eks.} Be7 (11...
Bd6 $2 12. Nxd6+ Qxd6 13. e4) 12. e4 a6 13. Ne5 Qc8 14. exd5 axb5 $2 (14... O-O
{er bedre.}) 15. Bxb5+ Kf8 16. Qh5 Qc3+ 17. Bd2 Qxa1+ 18. Ke2 Qxe5+ 19. Qxe5)
11... Bc6 12. Ne5 Qe7 13. Nxc6 Nxc6 14. b4 Rd8 15. Qc2 a6 16. Nc3 Bd6 17. Nxd5
Bxh2+ 18. Kxh2 Qd6+ 19. Nf4 Rc8 20. Rd1 Qe7 21. Bxa6 Rc7 22. Bb5 O-O 23. Bxc6
Rfc8 24. b5 g6 25. Bb2 Qg5 26. Qc3 e5 27. Qxe5 1-0

[Event "Klubbmesterskapet 2023 (A)"]
[Site "Ås, Viken NOR"]
[Date "2023.02.02"]
[Round "1"]
[White "Lea, Per"]
[Black "Johansen, Anders Sten"]
[Result "0-1"]
[WhiteElo "1685"]
[BlackElo "1738"]
[Annotator "Lea,Per"]
[PlyCount "82"]
[EventDate "2023.02.02"]

1. c4 Nf6 2. g3 c6 3. Nc3 d5 4. cxd5 cxd5 5. d4 Nc6 6. Bg2 Bf5 7. Nf3 e6 8. a3
Be7 9. O-O O-O 10. Nh4 Bg6 11. Nxg6 hxg6 12. b4 Rc8 13. Qd2 a6 14. Na4 b6 15.
Qd3 Nb8 16. Bf4 Bd6 17. Bg5 b5 18. Nc5 Qb6 19. Rfc1 Rfd8 $2 (19... Nc6) 20. Bh3
$2 (20. Bxf6 $1 gxf6 21. Nxe6 fxe6 22. Qxg6+ {og hvit får en drøss med bønder
for springeren, pluss at svarts konge blir stående utsatt}) 20... Bxc5 21. dxc5
Qc6 22. Qd4 Nbd7 23. Bf4 Re8 24. Be5 Nxe5 25. Qxe5 Rcd8 26. f4 Ne4 27. Bg2 Nd2
28. Rc3 Nc4 29. Qd4 Qc7 30. e4 dxe4 31. Qxe4 Rd5 32. Rd3 Red8 33. Rxd5 Rxd5 34.
a4 Qd7 35. axb5 axb5 36. Qe1 Rd2 37. h3 $4 ({Brukbare fortsettelser var:} 37.
g4) (37. Kh1) (37. c6) 37... Qd4+ 38. Kh2 Ne3 39. Ra8+ Kh7 40. g4 {Truer matt
i neste trekk, men svart kommer først til mølla} Qxf4+ 41. Kh1 Rd1 0-1

[Event "Klubbmesterskapet 2023 (B)"]
[Site "Ås, Viken NOR"]
[Date "2023.04.13"]
[Round "1"]
[White "Thowsen, Alf Geir"]
[Black "Skaret, Runar"]
[Result "0-1"]
[WhiteElo "1370"]
[BlackElo "1272"]
[Annotator "Skaret, Runar"]
[PlyCount "104"]
[EventDate "2023.02.02"]

1. d4 {analysert av runar og stockfish} d5 2. c4 e6 {queens gambit declined} 3.
Nc3 Nf6 4. Nf3 c5 5. cxd5 Nxd5 6. e3 cxd4 {her vil stockfish enten exd4 eller
helst Sxd5..Dxd5 Dxd4..Dxd4 som unngår isolanibonde} 7. Nxd4 {men det er
fortsatt en ganske jevn stilling i følge datamaskinen. -0,2} Nxc3 8. bxc3 a6 9.
Qc2 Nd7 10. Nf3 Nf6 11. Bd3 Bd6 12. e4 {spennende trekk som truer å gå videre
til e5 med gaffel samtidig med at hvit løper og dronning peker mot h7-bonden.
trekket gjør et bittelite utslag på stockfish som synes rokade var mer
nøyaktig. -0,4} Qc7 {jeg liner opp mine brikker mot h2 samtidig som jeg peker
mot isolanibonden. stockfish synes e5 var mer nøyaktig. -0,2} 13. h3 O-O 14. a4
Bd7 15. Ba3 {spør om avbytte av løpere. stockfish liker det ikke, i noen
linjer vil den heller Le3. jeg er usikker på hvorfor den skal dit, men kanskje
den da har muligheten til feks Ld4 i noen situasjoner. den kan jo kanskje også
komme til nytte til å støtte opp om isolanibonden. -0,9} Bxa3 16. Rxa3 Qc5 17.
Ra1 Rac8 18. Rc1 Nh5 (18... Rfd8 19. O-O Bxa4 20. Qxa4 Rxd3 {-2,4}) 19. O-O Nf4
20. Rfd1 Nxd3 21. Rxd3 Bc6 22. Re3 Qa3 23. c4 Qxa4 {et lite mysterium her. i
følge stockfish var Da3 det beste trekket -0,9 som truer å ta a-bonden, og
hvit's c4 var også det beste trekket, men Dxa4 var ikke det beste trekket. det
beste trekket var tilbake med dama Dc5!! jeg tapte en halv bonde på å ta denne
bonden. -0,3 er det nå. det stockfish sier er at den samme stillingen som i
stad, men med bonden på c5 istedet for c4 er veldig bra for meg.} 24. Qxa4 {
her ville stockfish heller Db2. -1,4} Bxa4 25. c5 {Tb1 var bedre -2,5} f6 {
stockfish vil heller ha Tfd8, muligens fordi den vil prøve å legge opp til å
bytte av ett av tårnene snart -0,7} 26. Rec3 {-2,7} Bc6 {-1,7} 27. Nd4 Bxe4 28.
Nxe6 Rfe8 29. Nd4 Rc7 {Ted8 var bedre. -1,1} 30. Kh2 {kongetrekket så litt
rart ut, men er ikke så gærlig. -1,6} Kf7 31. Re1 {-2,3} Bd5 {stockfish ville
heller Lg6, men jeg begriper ikke hvorfor. -1,4} 32. Rec1 g6 33. Nb3 {her
ville stockfish enten f3 eller somletrekk som Ta1. -2,4} Re2 34. Kg1 Bxb3 {jeg
hadde en ide med Te2, men fant ikke ut av det så det ble dette istedet.
stockfish kunne tenkt seg Tce7 feks} 35. Rxb3 Re6 {og så går jeg i retur med
tårnet. jeg kunne her ha spilt b5 istedet. hvit kunne ikke tatt en passant for
da ville han mista det ene tårnet. -0,9} 36. Rcb1 Ree7 37. Rc1 {merkelig nok
ville stockfish at hvit spilte Kh2 igjen... Nå er det -2,5 igjen fordi jeg
igjen kan spille b5} Ke8 {men dette er ikke så ille. -2,0} 38. Rb6 {hvit
spiller det beste trekket.} f5 {jeg spiller det nest beste. Tc6 var bedre, men
jeg har ennå ikke lært om det er lurt å bytte av tårn når man står bonde over,
så jeg safer litt. -1,7} 39. c6 {g4 var bedre. nå har jeg ikke noe valg. -3,3.}
Rxc6 40. Rbxc6 bxc6 41. Rxc6 Ra7 {alle andre trekk gir lik stilling. -4,5} 42.
Kf1 Kd7 43. Rc4 a5 44. Ke2 a4 45. Kd2 a3 46. Rc1 Kd6 47. Ra1 a2 48. f4 Kd5 49.
Kd3 Ra3+ 50. Kc2 Kd4 {Tg3 kunne vært et artig trekk her.} 51. Kb2 Ra5 52. Kc2
Ke3 {-9,5} 0-1

[Event "Klubbmesterskapet 2023 (A)"]
[Site "Ås, Viken NOR"]
[Date "2023.02.16"]
[Round "2"]
[White "Holm, Bjarne"]
[Black "Johansen, Anders Sten"]
[Result "1/2-1/2"]
[WhiteElo "1683"]
[BlackElo "1738"]
[Annotator "Furnes, Torstein"]
[PlyCount "106"]
[EventDate "2023.02.02"]

1. Nf3 c5 2. b3 f5 3. Bb2 Nf6 4. d3 e6 5. c4 Be7 6. e3 O-O 7. Qc2 b6 8. g3 Bb7
9. Bg2 Nc6 10. a3 Qc7 11. O-O d5 12. Nc3 a6 13. cxd5 exd5 14. Ne2 Rae8 15. Rac1
Bd6 16. Rfe1 Qd7 17. Nd2 Ne5 18. e4 fxe4 19. dxe4 Nxe4 20. Nxe4 dxe4 21. Bxe5
Bxe5 22. Rcd1 Qf5 23. Rf1 Rd8 24. f4 Bf6 25. h3 Qe6 26. g4 Rd3 27. Rxd3 exd3
28. Qxd3 Rd8 29. Qc4 Qxc4 30. bxc4 Bxg2 31. Kxg2 Rd2 32. Rf2 Kf7 ({Svart
vinner etter} 32... Bh4 33. Ng3 Rxf2+ 34. Kxf2 b5 35. cxb5 axb5 36. Kf3 Bxg3
37. Kxg3 b4 38. a4 b3 39. a5 b2 40. a6 b1=Q) 33. g5 Bb2 34. a4 Rc2 35. Ng3
Rxf2+ 36. Kxf2 Ke6 37. Ke3 b5 38. axb5 axb5 39. cxb5 c4 40. Ne2 Kd5 41. b6 Kc6
42. f5 Kxb6 43. h4 Kc5 44. h5 Kd5 45. Kf4 Be5+ 46. Ke3 c3 47. Kd3 c2 48. h6
gxh6 49. gxh6 Bf6 50. Kxc2 Ke4 51. Kd2 Kxf5 52. Ke3 Bg5+ 53. Kf3 Bxh6 1/2-1/2

[Event "Klubbmesterskapet 2023 (A)"]
[Site "Ås, Viken NOR"]
[Date "2023.02.16"]
[Round "2"]
[White "Hrituleac, Paul"]
[Black "Lea, Per"]
[Result "0-1"]
[WhiteElo "1299"]
[BlackElo "1685"]
[Annotator "Lea, Per"]
[PlyCount "96"]
[EventDate "2023.02.02"]

1. d4 Nf6 2. c4 g6 3. Nc3 Bg7 4. Nf3 d6 5. h3 O-O 6. e4 Nbd7 7. Bg5 h6 8. Be3
e5 9. Qd2 Kh7 10. Be2 Qe7 11. dxe5 Nxe5 12. Rd1 Bd7 13. O-O a6 14. Rfe1 Rab8
15. Nd5 Nxd5 16. exd5 b5 17. Nxe5 dxe5 18. b3 bxc4 19. Bxc4 Bb5 20. Rc1 Rfd8
21. Qa5 Rd7 22. a4 Bxc4 23. bxc4 Ra8 24. Rb1 Qd8 25. Rb7 Qc8 26. Reb1 c6 27.
Rxd7 Qxd7 28. Rb6 cxd5 29. Qxd5 Qxd5 30. cxd5 Kg8 $2 31. d6 Kf8 32. Rb7 Ke8 $2
33. d7+ Ke7 34. Bc5+ (34. d8=Q+ Kxd8 35. Rxf7 {og svart taper minst en løper:}
Bh8 36. Rf8+ Kc7 {Men teksttrekket bør også holde til vinst.} 37. Rxa8 {Eneste
måte å redde tårnet på, var derfor å gi løperen.}) 34... Ke6 35. Bb6 Bf6 36.
d8=Q $4 {Gir bare svart en gratis merbonde. Men tårnsluttspillet som oppstår,
er remis.} (36. Rc7 $1 Rg8 37. Rc8 Bd8 38. Rxd8 Rxd8 39. Bxd8 Kxd7 {Med enkel
vinst for hvit}) 36... Bxd8 37. Bxd8 Rxd8 38. a5 Rd5 39. Rb6+ Rd6 40. Rb7 f5
41. Kf1 Kd5 42. Ke2 Kc6 43. Rb6+ Kc5 44. Rb2 g5 45. g3 h5 46. f3 Kc6 47. Rb6+
Kc7 48. Rb2 Rd5 {Og hvit ga opp i en stilling som Stockfish 15.1 vurderer til
litt bedre for svart.} (48... h4 {skal gi klar fordel for svart}) 0-1

[Event "Klubbmesterskapet 2023 (A)"]
[Site "Ås, Viken NOR"]
[Date "2023.02.16"]
[Round "2"]
[White "Andersen, Odd"]
[Black "Furnes, Torstein"]
[Result "1-0"]
[WhiteElo "1731"]
[BlackElo "1715"]
[Annotator "Furnes, Torstein"]
[PlyCount "95"]
[EventDate "2023.02.02"]

1. c4 c5 2. g3 Nc6 3. Bg2 Nf6 4. Nc3 e6 5. Nf3 d5 6. cxd5 exd5 7. d4 {I
ChessBase Online Database er det fire partier der Magnus Carlsen har spilt
svart i denne stillingen. I tre av partiene (mot Aronian, Melkumyan og Giri)
fortsatte han med 7.-cxd4, mens mot Kortschnoj i 2004 spilte han 7.-Le7.} c4 8.
O-O Be7 9. Re1 O-O 10. Ne5 Be6 11. Nxc6 bxc6 12. e4 dxe4 13. Nxe4 Nxe4 14. Bxe4
Bd5 {Svart har pådratt seg en isolert dobbeltbonde, men løperen har til
gjengjeld fått et godt felt på d5. Stockfish evaluerer stillingen som helt lik
(0.00).} 15. Qc2 h6 16. Be3 Bb4 17. Red1 Re8 18. Bg2 Qf6 19. a3 Ba5 20. Bf4
Rad8 21. Be3 Rb8 22. Rab1 Rb3 23. h4 {Stockfish liker godt svarts stilling og
angir en svartfordel på -5.5 ! Men nå kommer en stygg tabbe fra svart:} c3 $4 (
{Førstevalget til Stockfish var} 23... Bc7 24. Re1 Re6 ({Det tilsynelatende
gode offeret} 24... Bxg3 $2 {fungerer ikke riktig ennå pga} 25. Bf4 $1) 25.
Rbd1 Bxg3 $1 26. fxg3 Rexe3 27. Rxe3 Rxe3 {med svartfordel på -6.9.}) 24. Bxd5
cxd5 25. Qxb3 Rxe3 26. fxe3 Qf3 27. Qb8+ Kh7 28. Qf4 Qxf4 29. gxf4 c2 30. Rbc1
cxd1=Q+ 31. Rxd1 Kg6 32. Kf2 Kf5 33. Kf3 f6 34. Rc1 Bb6 35. b4 g5 36. hxg5 fxg5
37. fxg5 hxg5 38. Rg1 Bd8 39. Rg4 Bb6 40. b5 Ba5 41. e4+ dxe4+ 42. Rxe4 Bb6 43.
a4 Bc7 44. d5 Bd6 45. a5 Bc7 46. a6 Bd8 47. d6 Bb6 48. Re8 1-0

[Event "Klubbmesterskapet 2023 (A)"]
[Site "Ås, Viken NOR"]
[Date "2023.02.13"]
[Round "2"]
[White "Kielland-Lund, Jon"]
[Black "Aamodt, Peder Marcus"]
[Result "1/2-1/2"]
[WhiteElo "1723"]
[BlackElo "2011"]
[Annotator "Aamodt, Peder Marcus"]
[PlyCount "53"]
[EventDate "2023.02.02"]

1. c4 g6 2. Nc3 c5 3. Nf3 Bg7 4. e3 {Hvit forbereder d2-d4 selv om det er
mulig med en gang} (4. d4) (4. g3) 4... Nf6 5. d4 cxd4 6. Nxd4 O-O 7. Be2 Nc6 {
Svart spiller på mer rolig spill med d7-d6 enn d7-d5 der spillet åpnes veldig
raskt} (7... d5 8. cxd5 Nxd5 9. Bd2 {Hadde vært annet type spill}) 8. O-O d6 {
d5 var også mulig} (8... d5 9. cxd5 Nxd5 10. Nxc6 bxc6) 9. Bf3 Ne5 10. b3 Nxf3+
11. Qxf3 Nd7 $6 {Svart burde spilt mye mer direkte her} (11... e5 12. Nc2 d5
13. Ba3 Bg4 $5 (13... Re8 14. Nxd5 Nxd5 15. Qxd5 Qxd5 16. cxd5 Bf5 17. Rac1
Rac8 18. Na1 {Med litt mer behagelig spill for svart med løperparet}) 14. Qg3
Bf5 15. Bxf8 Qxf8 {Her må hvit spille presist for å ikke havne i en seriøs
mengde trøbbel} 16. Rac1 Nh5 17. Qf3 e4 18. Qd1 Bxc3 19. g4 Be6 20. gxh5 Qe7
21. cxd5 Qg5+ 22. Kh1 Bg4 23. Rg1 Bxd1 24. Rxg5 Bf3+ 25. Kg1 Bf6 {Er litt
bedre for svart}) 12. Bb2 Ne5 13. Qe2 Bd7 14. Rfd1 a6 15. Rac1 Re8 {Et lite
ventetrekk som dekker bonden på e7 i noen varianter} 16. Nd5 Qb8 $4 {Som svart
her overså ideen spilt i partiet. Jeg så poenget til hvit retter etter at
trekket ble spilt. I utgangspunktet ønsker svart å spille b7-b5, men dette er
ikke måten man får gjennomført det på.} (16... e6 17. Nb4 Qb6 18. Nd3 Red8 {
Hadde vært et komplisert midtspill med sjanser for begge}) 17. Nb6 $1 Ra7 {Det
blir plutselig overraskende vanskelig å få tårnet med i spill på.} 18. a4 Bc6
19. a5 Nd7 20. Ba3 Nxb6 (20... Qc7 {Var et annet forsøk, men er fortsatt
veldig godt for hvit} 21. c5 d5 {Som svart likte jeg ikke dette ettersom
tårnet på a7 aldri kommer ut}) 21. axb6 Ra8 22. Nxc6 $1 bxc6 23. c5 {Nå er det
store problemer for svart} d5 $6 (23... Qb7 $1 {Var et bedre forsøk med poenget
} 24. cxd6 $4 (24. Qc2 $5 {Dette er fortsatt godt nok for en stor fordel})
24... exd6 25. Bxd6 Qxb6 {Her har svart løst alle sine problemer}) 24. Bb2 e5
25. e4 d4 26. Ra1 Qb7 27. Bc1 {Hvit står klart best og mest sannsynelig bare
til kliss vinst, men for stor respekt førte til et remistilbud som ble godtatt.
Hvit hadde nok spilt videre mot de fleste andre, men med fare for å tråkke
feil og bli straffet hardt for det ble en avgjørende faktor. Stillingen er nok
vunnet ettersom a-bonden til svart kommer til å ryke uten mye motspill. Svart
slapp unna med en bombe her.} 1/2-1/2

[Event "Klubbmesterskapet 2023 (A)"]
[Site "Ås, Viken NOR"]
[Date "2023.02.16"]
[Round "2"]
[White "Samset, Jon"]
[Black "Brenden, Torbjørn"]
[Result "0-1"]
[WhiteElo "1400"]
[BlackElo "1624"]
[PlyCount "70"]
[EventDate "2023.02.02"]

1. e4 c5 2. b4 cxb4 3. a3 e5 4. Nf3 Nf6 5. Nxe5 Qe7 6. d4 Nc6 7. f4 Nxe4 8. Bd3
Qh4+ 9. g3 Nxg3 10. Nf3 Qe7+ 11. Kd2 Nxh1 12. Qxh1 Qf6 13. Qe1+ Be7 14. Qe3 O-O
15. axb4 Nxb4 16. Ba3 Nd5 17. Bxh7+ Kxh7 18. Qe4+ Kg8 19. Ng5 g6 20. Bxe7 Nxe7
21. Nc3 Nf5 22. Ra4 d5 23. Nxd5 Qc6 24. Ra3 Re8 25. Nf6+ Qxf6 26. Qxe8+ Kg7 27.
Rh3 Nh6 28. Rxh6 Qxf4+ 29. Kc3 Kxh6 30. Nxf7+ Kg7 31. Ne5 Qf6 32. h4 a5 33. Nd7
Qc6+ 34. Kd3 Qxd7 35. Qe5+ Kh7 0-1

[Event "Klubbmesterskapet 2023 (B)"]
[Site "Ås, Viken NOR"]
[Date "2023.02.16"]
[Round "2"]
[White "Heien, Aksel"]
[Black "Thowsen, Alf Geir"]
[Result "1-0"]
[WhiteElo "1344"]
[BlackElo "1385"]
[Annotator "Lea, Per"]
[PlyCount "105"]
[EventDate "2023.02.02"]

1. d4 Nf6 2. c4 e6 3. Nc3 Bb4 4. Nf3 c5 5. Bg5 d6 6. e3 Nbd7 7. Bd3 cxd4 8.
exd4 Bxc3+ 9. bxc3 b6 10. O-O Qc7 11. Qc2 Bb7 12. Nd2 Qc6 13. f3 h6 14. Bxf6
Nxf6 15. Rfe1 O-O 16. Ne4 Nd7 17. Re3 e5 18. d5 Qc7 19. Qb3 f5 20. Nd2 Nc5 21.
Qb1 Nxd3 22. Qxd3 Rac8 23. Rb1 Ba6 24. Rb4 Bb7 25. h3 a5 26. Ra4 Ba6 27. Kh1
Qd7 28. Ra3 Rc5 29. Kh2 Rfc8 30. g4 Bxc4 31. Nxc4 Rxc4 32. Qxf5 Qxf5 33. gxf5
Kf7 34. Rb3 Rb8 35. Re4 Rc5 36. c4 Kf6 37. Rg4 Rbc8 38. Rg6+ Kxf5 39. Rxd6 Rxc4
40. Rdxb6 Rd8 41. R6b5 a4 42. Ra3 Rd4 43. Ra5 R8xd5 44. Rxd5 Rxd5 45. Rxa4 Rd4
46. Ra5 Ke6 47. a4 Kd6 48. Ra7 g5 49. Ra6+ Kd5 50. Rxh6 Rxa4 51. Rg6 Rf4 52.
Kg3 Kd4 53. Rxg5 {Og svart ga opp i en død remisstilling. Selv uten den svarte
bonden på d5, var det remis. Prøv selv: gå inn på www.follosjakk.no > Diverse
> Linker > Nalimov sluttspilldatabase og sett opp stillingen uten den svarte
bonden. Tårnsluttspill med løper- og tårnbonde over, er som regel remis!} 1-0

[Event "Klubbmesterskapet 2023 (A)"]
[Site "Ås, Viken NOR"]
[Date "2023.03.02"]
[Round "3"]
[White "Brenden, Torbjørn"]
[Black "Holm, Bjarne"]
[Result "0-1"]
[WhiteElo "1624"]
[BlackElo "1683"]
[Annotator "Furnes, Torstein"]
[PlyCount "124"]
[EventDate "2023.??.??"]

1. e4 e5 2. Nf3 Nc6 3. Bb5 a6 4. Ba4 Nf6 5. O-O d6 6. d3 Bg4 7. Bg5 Be7 8. Nbd2
O-O 9. c3 d5 10. Bxc6 bxc6 11. Qa4 Qd6 12. exd5 Bxf3 13. Nxf3 cxd5 14. Rfe1 h6
15. Bh4 Nd7 16. Bxe7 Qxe7 17. Nxe5 Nxe5 18. d4 (18. Qd4 Rae8 19. f4 Nf3+ 20.
gxf3 Qxe1+ 21. Rxe1 Rxe1+ $11) 18... Nf3+ ({Svart beholder meroffiseren etter} 
18... Qd7 $1 $19) 19. gxf3 Qg5+ 20. Kf1 Qf4 21. Kg2 Rab8 22. Re2 Rb6 23. Rae1
Rg6+ 24. Kf1 Qxh2 25. Re3 Rg2 26. Ke2 Rxf2+ 27. Kd1 Rxb2 28. R3e2 Rxe2 29. Rxe2
Qh1+ 30. Kd2 Qxf3 31. Qxa6 Rb8 32. Qa3 Qf4+ 33. Kc2 Qf5+ 34. Kd2 Qb1 35. Ke3
Re8+ 36. Kd2 Rxe2+ 37. Kxe2 Qb5+ 38. Kd2 g5 39. Qa8+ Kg7 40. a4 Qb2+ 41. Kd3
Qb1+ 42. Kd2 Qa2+ 43. Kd3 g4 44. Qe8 Qb1+ 45. Kd2 Qb6 46. Qe5+ Kg6 47. Qxd5 f5
48. a5 Qb2+ 49. Kd3 Qa1 50. Qe6+ Kg5 51. a6 Qf1+ 52. Kd2 Qa1 53. Qe3+ Kh5 54.
Qe6 Qa5 55. Qf7+ Kh4 56. Qf6+ Kg3 $18 {De fem siste trekkene har Stockfish
vurdert stillingen som 0.00, men nå får hvit en vinstmulighet.} 57. Qxh6 $19 {
Men etter dette trekket har svart avgjørende fordel resten av partiet.} ({Hvit
vinner etter} 57. Qe5+ Qxe5 58. dxe5 {og hvits fribønder avgjør.}) 57... f4 58.
Qc6 f3 59. Qc4 Kg2 60. d5 g3 61. Ke3 f2 62. Qe4+ Kg1 0-1